000 00614nam a2200193Ii 4500
003 JO-AjNU
008 230605s9999||||xx |||||||||||||| ||und||
040 _aJO-AjNU
_bara
_erda
_cJO-AjNU
041 _aara
050 1 4 _aQC21.2.F59 1990
100 3 _aوشاح، خليل/ م. مشارك معروف عبدالله ,
_eauthor
_943211
245 0 0 _aالفيزياء العامة، ج1
264 3 1 _aعمان:دار الفكر ، 1990
300 _aج1، 422ص
336 _atext
_btxt
_2rdacontent
337 _aunmediated
_bn
_2rdamedia
338 _avolume
_bnc
_2rdacarrier
650 4 _aالفيزياء
_943212
999 _aA18561
_c22129
_d22129